Zabezpečenie splnenia záväzkov medzi podnikateľmi

Predchádzanie rizika finančných strát v podnikateľskej činnosti vhodnou stratégiou pri uzatváraní obchodnej zmluvy. Zabezpečovacie inštitúty obchodného a občianskeho práva. Záložné právo k veci. Záložné právo k pohľadávke. Podzáložné právo. Zádržné právo. Ručenie. Banková záruka. Uznanie záväzku.

Salvato in:
Dettagli Bibliografici
Autore principale: Fekete, Imrich
Natura: Capitolo di libro
Lingua:slovacco
Soggetti:
Tags: Aggiungi Tag
Nessun Tag, puoi essere il primo ad aggiungerne!!

MARC

LEADER 00000naa a2200000 4500
001 r034971
005 20230911130435.6
041 0 |a slo 
044 |a SK 
245 1 0 |a Zabezpečenie splnenia záväzkov medzi podnikateľmi  |c Imrich Fekete 
520 |a Predchádzanie rizika finančných strát v podnikateľskej činnosti vhodnou stratégiou pri uzatváraní obchodnej zmluvy. Zabezpečovacie inštitúty obchodného a občianskeho práva. Záložné právo k veci. Záložné právo k pohľadávke. Podzáložné právo. Zádržné právo. Ručenie. Banková záruka. Uznanie záväzku. 
610 2 0 |a zmluvy obchodné 
610 2 0 |a riziko komerčné 
610 2 0 |a strata 
610 2 0 |a financie 
610 2 0 |a zákonník obchodný 
610 2 0 |a zmenky 
610 2 0 |a zákonník občiansky 
610 2 0 |a právo záložné 
610 2 0 |a ručenie 
610 2 0 |a pohľadávky 
610 2 0 |a Slovensko 
100 1 |a Fekete, Imrich